Dhaka Main Aaunga/ (Record no. 614285)
[ view plain ]
| 000 -LEADER | |
|---|---|
| fixed length control field | 00492nam a22001697a 4500 |
| 020 ## - INTERNATIONAL STANDARD BOOK NUMBER | |
| International Standard Book Number | 978‑969‑662‑318‑2 |
| 082 ## - DEWEY DECIMAL CLASSIFICATION NUMBER | |
| Classification number | 891.4343 |
| Author Mark | SOH |
| 100 ## - MAIN ENTRY--PERSONAL NAME | |
| Personal name | Sohail Parwaz |
| 245 ## - TITLE STATEMENT | |
| Title | Dhaka Main Aaunga/ |
| 260 ## - PUBLICATION, DISTRIBUTION, ETC. | |
| Place of publication, distribution, etc. | Jhelum: |
| Name of publisher, distributor, etc. | Book Cornor, |
| Date of publication, distribution, etc. | 2021. |
| 300 ## - PHYSICAL DESCRIPTION | |
| Extent | 447 p |
| Dimensions | 22 cm |
| 563 ## - BINDING INFORMATION | |
| Binding note | HB. |
| 880 ## - ALTERNATE GRAPHIC REPRESENTATION | |
| Linkage | 100-01\(3\r |
| Title | سہیل پرواز |
| 880 ## - ALTERNATE GRAPHIC REPRESENTATION | |
| Linkage | 245-02\(03\r |
| Title | /ڈھاکہ میں آؤں گا |
| 880 ## - ALTERNATE GRAPHIC REPRESENTATION | |
| Linkage | 260-03\(03\r |
| Title | 2021,بُک کارنر:جہلم |
| 942 ## - ADDED ENTRY ELEMENTS (KOHA) | |
| Source of classification or shelving scheme | |
| Koha item type | Book |
| Withdrawn status | Lost status | Source of classification or shelving scheme | Damaged status | Not for loan | Permanent Location | Current Location | Shelving location | Date acquired | Total Checkouts | Full call number | Barcode | Date last seen | Price effective from | Koha item type |
|---|---|---|---|---|---|---|---|---|---|---|---|---|---|---|
| Central Library (CL) | Central Library (CL) | Urdu Literature | 07/12/2025 | 891.4343 SOH | CL-D-2765 | 09/23/2025 | 07/12/2025 | Book |
